| Tag |
First Indicator |
Second Indicator |
Subfields |
| LEADER |
00000cam a2200000Mi 4500 |
| 001 |
in00005634813 |
| 006 |
m o d |
| 007 |
cr n|----|||a| |
| 008 |
070518s2001 vau o 000 0 eng d |
| 005 |
20250331201209.1 |
| 035 |
|
|
|a (OCoLC)ocn183272690
|
| 040 |
|
|
|a UAB
|b eng
|e pn
|c UAB
|d ALSTP
|d OCLCQ
|d RRP
|d OCLCO
|d MUQ
|d OCLCQ
|d COO
|d OCLCO
|d OCLCQ
|d OCLCF
|d ORU
|d OCLCQ
|d UPM
|d WYU
|d TKN
|d CNCEN
|d OCLCA
|d IAI
|d EYM
|d OCLCO
|d OCLCL
|
| 019 |
|
|
|a 593440190
|a 593440191
|
| 035 |
|
|
|a (OCoLC)183272690
|z (OCoLC)593440190
|z (OCoLC)593440191
|
| 041 |
0 |
|
|a eng
|h eng
|
| 050 |
|
4 |
|a PS3552.U45
|b B855 2001
|
| 049 |
|
|
|a TXAM
|
| 100 |
1 |
|
|a Bullins, Ed,
|e author.
|
| 245 |
1 |
0 |
|a State office bldg. curse /
|c by Ed Bullins.
|
| 250 |
|
|
|a [1st electronic ed.].
|
| 260 |
|
|
|a Alexandria, VA :
|b Alexander Street Press,
|c 2001.
|
| 300 |
|
|
|a 1 online resource.
|
| 336 |
|
|
|a text
|b txt
|2 rdacontent
|
| 337 |
|
|
|a computer
|b c
|2 rdamedia
|
| 338 |
|
|
|a online resource
|b cr
|2 rdacarrier
|
| 347 |
|
|
|a data file
|2 rda
|
| 386 |
|
|
|n nat
|a Americans
|2 lcdgt
|
| 386 |
|
|
|n eth
|a African Americans
|2 lcdgt
|
| 386 |
|
|
|a Men
|2 lcdgt
|
| 388 |
|
|
|a Twentieth century
|2 lcsh
|
| 490 |
1 |
|
|a Black drama
|
| 500 |
|
|
|a Title from HTML t.p. (viewed May 18, 2007).
|
| 650 |
|
0 |
|a American drama
|x African American authors.
|
| 650 |
|
6 |
|a Théâtre américain
|x Auteurs noirs américains.
|
| 650 |
|
7 |
|a American drama
|x African American authors.
|2 fast
|0 (OCoLC)fst00806999
|
| 655 |
|
7 |
|a Electronic books.
|2 local
|
| 655 |
|
0 |
|a American drama.
|
| 655 |
|
7 |
|a Drama.
|2 fast
|0 (OCoLC)fst01423879
|
| 655 |
|
7 |
|a Drama.
|2 lcgft
|
| 655 |
|
7 |
|a Théâtre.
|2 rvmgf
|
| 710 |
2 |
|
|a Alexander Street (Firm)
|
| 758 |
|
|
|i has work:
|a State Office Bldg. curse (Text)
|1 https://id.oclc.org/worldcat/entity/E39PCFwXqHgyhTCDMrXR9bK9Tb
|4 https://id.oclc.org/worldcat/ontology/hasWork
|
| 830 |
|
0 |
|a Black drama.
|
| 856 |
4 |
0 |
|u http://proxy.library.tamu.edu/login?url=https://www.aspresolver.com/aspresolver.asp?BLDR;PL001791
|z Connect to the full text of this electronic book
|t 0
|
| 955 |
|
|
|a Alexander Street - Twentieth Century North American Drama
|
| 955 |
|
|
|a Alexander Street - Black Drama 3rd Edition
|
| 994 |
|
|
|a 92
|b TXA
|
| 999 |
f |
f |
|s e1f0dae1-0985-4183-affa-7010b90f33a0
|i a0f45e0e-a989-4d92-9aaa-cec27626ce48
|t 0
|
| 952 |
f |
f |
|a Texas A&M University
|b College Station
|c Electronic Resources
|d Available Online
|t 0
|e PS3552.U45 B855 2001
|h Library of Congress classification
|
| 998 |
f |
f |
|a PS3552.U45 B855 2001
|t 0
|l Available Online
|